Vista normal Vista MARC

Entrada Materia (personas)

Número de registros utilizados en: 7

001 - CONTROL NUMBER

  • control field: 131265

003 - CONTROL NUMBER IDENTIFIER

  • control field: Co-BoUCM

005 - DATE AND TIME OF LATEST TRANSACTION

  • control field: 20211020110204.0

008 - FIXED-LENGTH DATA ELEMENTS

  • fixed length control field: 211020|| aca||aabn | a|a d

040 ## - CATALOGING SOURCE

  • Original cataloging agency: Co-BoUCM
  • Transcribing agency: Co-BoUCM

100 ## - HEADING--PERSONAL NAME

  • Personal name: Martínez Muñoz, Catalina

670 ## - SOURCE DATA FOUND

  • Source citation: Work cat.: (Co-BoUCM)47937: Delors, Jacques 1925- 121250, Jacques Delors de cuerpo entero conversaciones con Dominique Wolton; traducción de Catalina Martínez Muñoz, 1995